| 000 | 00722nam a2200229Ii 4500 | ||
|---|---|---|---|
| 003 | JO-AjNU | ||
| 008 | 230605s9999||||xx |||||||||||||| ||und|| | ||
| 017 | _a1992/1779 | ||
| 020 | _a977-00-2571-2 | ||
| 040 |
_aJO-AjNU _bara _erda _cJO-AjNU |
||
| 041 | _aara | ||
| 050 | 1 | 4 | _aPJ7820.U5.Z86 1992 |
| 100 | 3 |
_aتأليف الرويني،عبلة, _eauthor _913952 |
|
| 245 | 0 | 0 | _aالجنوبي: أمل دنقل |
| 250 | _aط1 | ||
| 264 | 3 | 1 | _aالكويت:دار سعاد الصباح،1992 |
| 300 | _a181ص | ||
| 336 |
_atext _btxt _2rdacontent |
||
| 337 |
_aunmediated _bn _2rdamedia |
||
| 338 |
_avolume _bnc _2rdacarrier |
||
| 650 | 4 |
_aالشعر العربي - الشعراء المصريون - تراجم _913953 |
|
| 999 |
_aA3605 _c7173 _d7173 |
||